1821 1070 1541 1006 1619 1451 1652 1263 1941 1576 1905 1545 1114 1081 1962 1687 1875 1316 1156 1693 1498 1283 1431 1200 1873 1887 1439 1613 1511 1848 1936 1254 1293 1225 1894 1224 1062 1541 1054 1866 1517 1705 1183 1510 1011 1166 1893 1757 1991 1635 1901 1275 1366 1457 1557 1347 1075 1030 1369 1953 1898 1327 1540 1977 1066 1414 1470 1932 1506 1256 1711 1137 1656 1044 1708 1405 1116 1397 1816 1187 1985 1851 1291 1290 1169 1860 1151 1666 1164 1832 1707 1478 1969 1481 1248 1668 1270 1688 1299 BCNSPRNW ULIB Ver.6.0+V

เปลี่ยนเป็นภาษาไทย

Change to English
 แสดงรายละเอียดบรรณานุกรม
  กลับหน้าหลัก

Brief Record : Get Marc (ISO 2709) : E-mail record : QR code < ปิดหน้าต่าง
LEADER : 00000nam 2200000uu 4500
001    13399112310
003     ULIB
008    110627s2551||||th 000 0 tha d
020    9789741364242
090    นว.^bน283ร 2551
100 0  นลัท
245 00 ร้าย...ด้วยรัก/^cนลัท
250    พิมพ์ครั้งที่ 1
260    กรุงเทพฯ :^bแจ่มใส,^c2551
300    179 หน้า
710 1  แจ่มใส
945    ^p139^l0^i026775
995    ทศพร
999 ^a ใช้งานได้ทุกระบบ
รายการนี้ยังไม่มีแท็ก
คุณยังไม่ได้ล็อกอิน คุณสามารถมีกิจกรรมร่วมกับเว็บไซต์ได้ แต่ต้องล็อกอินก่อน ::
  ล็อกอิน

รายการสื่อสารสนเทศ

ลำดับที่ ประเภท เลขเรียก/บาร์โค้ด สถานที่ สถานะ
- ไม่พบข้อมูล -

รายการใกล้เคียง
    ผู้แต่ง [นลัท]

BibComment


ยังไม่เคยถูกคอมเมนท์

คอมเมนท์ทรัพยากรรายการนี้
  คอมเมนท์: ร้ายด้วยรัก นลัท


 Copyright 2026. Bcnsprnw @Library